000 00834nam a22002531u 4500
001 05978
003 HDC
007 cr bn ---
008 210122p xx fo d 00 engg
040 _aHDC
100 _aMohamed Shariff
_96292
245 0 _aFunding, Tax & other Incentives
_c/ by Mohamed Shariff
260 _a[No place] :
_b[publisher not identified],
_c2013
300 _a24 pages :
_bIllustrations
336 _atext
_2rdacontent
337 _acomputer
_2rdamedia
338 _aonline resource
_2rdacarrier
650 _aHalal industry
_9144
650 _aTax incentives
_96293
856 _zRequest full-text at [email protected]
942 _2lcc
942 _cSLIDE
942 _kSLID 000649
999 _c3302
_d3302